LEADER 00856nam0-22002651i-450- 001 990004842760403321 005 19990530 035 $a000484276 035 $aFED01000484276 035 $a(Aleph)000484276FED01 035 $a000484276 100 $a19990530f19001997km-y0itay50------ba 101 0 $aita 105 $ay-------001yy 200 1 $aProfilo di sir George Etherege$eEstratto dagli Annali della Facolta di Lettere e Filosofia dell'Universita di Napoli, Volume XII 1969-1970$fRenato Lo Schiavo 210 $aNapoli$cIstituto Editoriale del Mezzogiorno$ds.d. 215 $aPag. varia$d26 cm 700 1$aLo Schiavo,$bRenato$0172242 801 0$aIT$bUNINA$gRICA$2UNIMARC 901 $aBK 912 $a990004842760403321 952 $aK 115 A$bFil. Mod.$fFLFBC 959 $aFLFBC 996 $aProfilo di sir George Etherege$9518196 997 $aUNINA LEADER 01146nam0-2200337---450 001 990008284320403321 005 20180423115300.0 010 $a88-14-11543-5 035 $a000828432 035 $aFED01000828432 035 $a(Aleph)000828432FED01 035 $a000828432 100 $a20060227d2005----km-y0itay50------ba 101 0 $aita 102 $aIT 105 $ay---n---001yy 200 1 $aRappresentanza e interessi organizzati$econtributo allo studio dei rapporti tra rappresentanza politica e rappresentanza di interessi$fGiuseppe Colavitti 210 $aMilano$cGiuffrè$dc2005 215 $aXI,321 p.$d24 cm 225 1 $aPubblicazioni del Dipartimento di teoria dello Stato dell'Università degli studi di Roma La Sapienza. Biblioteca di diritto pubblico Egidio Tosato$v9 676 $a342$v11 rid.$zita 700 1$aColavitti$bGiuseppe$0478102 801 0$aIT$bUNINA$gRICA$2UNIMARC 901 $aBK 912 $a990008284320403321 952 $aVI I 878$b6628$fDDA 952 $aVII 168$b253 cos$fDDCIC 959 $aDDCIC 959 $aDDA 996 $aRappresentanza e interessi organizzati$91002577 997 $aUNINA LEADER 01081nam a2200253 i 4500 001 991003124359707536 008 080103s2004 enk b 001 0 eng d 020 $a0199268894 035 $ab13633533-39ule_inst 040 $aDip.to Studi Giuridici$bita 082 04$a331.88094109034$221 100 1 $aCurthoys, M. C.$q(Mark C.)$0627061 245 10$aGovernments, labour, and the law in mid-Victorian Britain :$bthe trade union legislation of the 1870s /$cMark Curthoys 250 $a1st ed 260 $aOxford :$bClarendon Press ;$aNew York :$bOxford University Press,$c2004 300 $aviii, 284 p. ;$c23 cm 440 0$aOxford historical monographs 504 $aInclude riferimenti bibliografici (p. [247]-271) e indice 907 $a.b13633533$b28-01-14$c03-01-08 912 $a991003124359707536 945 $aLE027 331.88 CUR01.01$g1$i2027000168026$lle027$o-$pE93.15$q-$rl$s- $t0$u0$v0$w0$x0$y.i14638605$z03-01-08 996 $aGovernments, labour, and the law in mid-Victorian Britain$91216913 997 $aUNISALENTO 998 $ale027$b03-01-08$cm$da $e-$feng$genk$h0$i0